Jak může HR přispět k úspěšnému růstu firmy

Štyri kroky k efektívnym ľudským zdrojom..

Salvato in:
Dettagli Bibliografici
Natura: Capitolo di libro
Lingua:ceco
Soggetti:
Tags: Aggiungi Tag
Nessun Tag, puoi essere il primo ad aggiungerne!!

MARC

LEADER 00000naa$a2200000$$$4500
001 0089873
005 20231113131322.4
041 0 |a cze 
044 |a CZ 
245 1 0 |a Jak může HR přispět k úspěšnému růstu firmy 
520 |a Štyri kroky k efektívnym ľudským zdrojom.. 
610 2 0 |a podnik 
610 2 0 |a rozvoj podniku 
610 2 0 |a zdroje ľudské